Nazioni con più medaglie d'oro alle Olimpiadi estive - Statistics

Statistiche generali
  • Questo quiz è stato fatto 45 volte
  • Il punteggio medio è 11 su 14
Statistiche sulle risposte
Medaglie d'oro Nazione % Corretto
262 Cina
100%
216 Italia
100%
1 061 Stati Uniti
100%
222 Francia
95%
201 Germania
95%
153 Germania Est
95%
285 Gran Bretagna
90%
163 Australia
88%
149 Russia
88%
169 Giappone
86%
148 Svezia
62%
395 Unione Sovietica
57%
191 Ungheria
38%
101 Finlandia
31%
Nessun quiz corrispondente trovato
Distribuzione punteggi
Percentuale di utenti per punteggio
Percentile per numero di risposta
I tuoi punteggi nel tempo
Non hai fatto questo quiz